<?xml version="1.0" encoding="UTF-8"?>
<record
    xmlns:xsi="http://www.w3.org/2001/XMLSchema-instance"
    xsi:schemaLocation="http://www.loc.gov/MARC21/slim http://www.loc.gov/standards/marcxml/schema/MARC21slim.xsd"
    xmlns="http://www.loc.gov/MARC21/slim">

  <leader>02869namaa2200445 ua4500</leader>
  <controlfield tag="001">2674</controlfield>
  <controlfield tag="003">gttocutb</controlfield>
  <controlfield tag="005">20260203190600.0</controlfield>
  <controlfield tag="007">ta</controlfield>
  <controlfield tag="008">260203e2021    mx adba| |||| 001 0 spa c</controlfield>
  <datafield tag="020" ind1="1" ind2="0">
    <subfield code="a">9786074488562</subfield>
  </datafield>
  <datafield tag="040" ind1="1" ind2=" ">
    <subfield code="a">gttocutb</subfield>
    <subfield code="b">spa</subfield>
    <subfield code="c">gttocutb</subfield>
    <subfield code="d">gttocutb</subfield>
    <subfield code="e">rda</subfield>
  </datafield>
  <datafield tag="082" ind1="1" ind2=" ">
    <subfield code="a">007.50294 M294:4</subfield>
  </datafield>
  <datafield tag="110" ind1="1" ind2=" ">
    <subfield code="a">American Psychological Association    </subfield>
    <subfield code="e">editor</subfield>
  </datafield>
  <datafield tag="245" ind1="1" ind2=" ">
    <subfield code="a">Manual de publicaciones de la American Psychological Association /</subfield>
    <subfield code="c">Oriol Francisco Remolina Gallego (traductor).</subfield>
    <subfield code="b">Publication Manual of the American Psychological Association (Seveth edition)</subfield>
  </datafield>
  <datafield tag="250" ind1="1" ind2=" ">
    <subfield code="a">4a. (en espa&#xF1;ol)</subfield>
  </datafield>
  <datafield tag="260" ind1="1" ind2=" ">
    <subfield code="a">M&#xE9;xico:</subfield>
    <subfield code="b">Manual Moderno</subfield>
    <subfield code="c">2021</subfield>
  </datafield>
  <datafield tag="264" ind1="1" ind2=" ">
    <subfield code="c">&#xA9; 2021</subfield>
  </datafield>
  <datafield tag="300" ind1="1" ind2=" ">
    <subfield code="a">428 p&#xE1;ginas :</subfield>
    <subfield code="c">26 cm.</subfield>
    <subfield code="b">Ilustraciones y gr&#xE1;ficas en color.</subfield>
  </datafield>
  <datafield tag="336" ind1="1" ind2=" ">
    <subfield code="2">rdacontenido</subfield>
    <subfield code="a">texto</subfield>
    <subfield code="b">txt</subfield>
  </datafield>
  <datafield tag="337" ind1="1" ind2=" ">
    <subfield code="2">rdamedio</subfield>
    <subfield code="a">sin mediaci&#xF3;n</subfield>
    <subfield code="b">n</subfield>
  </datafield>
  <datafield tag="338" ind1="1" ind2=" ">
    <subfield code="2">rdasoporte</subfield>
    <subfield code="a">volumen</subfield>
    <subfield code="b">nc</subfield>
  </datafield>
  <datafield tag="505" ind1="1" ind2="0">
    <subfield code="t">Contenido:</subfield>
  </datafield>
  <datafield tag="505" ind1="1" ind2="0">
    <subfield code="g">1. Principios de escritura y  publicaci&#xF3;n acad&#xE9;micas --</subfield>
  </datafield>
  <datafield tag="505" ind1="1" ind2="0">
    <subfield code="g">2. Elementos y formato de estilo --</subfield>
  </datafield>
  <datafield tag="505" ind1="1" ind2="0">
    <subfield code="g">3.  Est&#xE1;ndares de presentaci&#xF3;n para los art&#xED;culos de revistas cient&#xED;ficas (JARS) --</subfield>
  </datafield>
  <datafield tag="505" ind1="1" ind2="0">
    <subfield code="g">4. Estilo de escritura y gram&#xE1;tica -- </subfield>
  </datafield>
  <datafield tag="505" ind1="1" ind2="0">
    <subfield code="g">5. Lineamientos del lenguaje libre de sesgo --</subfield>
  </datafield>
  <datafield tag="505" ind1="1" ind2="0">
    <subfield code="g">6. Mec&#xE1;nica de estilo --</subfield>
  </datafield>
  <datafield tag="505" ind1="1" ind2="0">
    <subfield code="g">7. Tablas y figuras --</subfield>
  </datafield>
  <datafield tag="505" ind1="1" ind2="0">
    <subfield code="g">8. Obras acreditadas en el texto --</subfield>
  </datafield>
  <datafield tag="505" ind1="1" ind2="0">
    <subfield code="g">9. Lista de referencias --</subfield>
  </datafield>
  <datafield tag="505" ind1="1" ind2="0">
    <subfield code="g">10. Ejemplo de referencias --</subfield>
  </datafield>
  <datafield tag="505" ind1="1" ind2="0">
    <subfield code="g">11. Referencias jur&#xED;dicas --</subfield>
  </datafield>
  <datafield tag="505" ind1="1" ind2="0">
    <subfield code="g">12. Proceso de publicaci&#xF3;n --</subfield>
  </datafield>
  <datafield tag="520" ind1="1" ind2="0">
    <subfield code="a">El Manual de Publicaciones de la American Psychological Association, 4 &#xAA; edici&#xF3;n ( 7 &#xAA; edici&#xF3;n en ingl&#xE9;s), es la fuente oficial del Estilo APA. Al vender millones de copias en todo el mundo en diferentes idiomas, este es el manual de estilo preferido por escritores, investigadores, editores, estudiantes y educadores en las ciencias sociales y del comportamiento, ciencias naturales, enfermer&#xED;a, comunicaci&#xF3;n, educaci&#xF3;n, negocios, ingenier&#xED;a, entre otros campos. Reconocido como una autoridad por su sistema de referencias y citaciones f&#xE1;cil de usar, el Manual de Publicaciones tambi&#xE9;n ofrece orientaci&#xF3;n para elegir los encabezados, tablas, figuras, lenguaje y tono que resultar&#xE1;n en una comunicaci&#xF3;n acad&#xE9;mica clara, concisa y elegante. Gu&#xED;a a los usuarios a lo largo del proceso de redacci&#xF3;n acad&#xE9;mica, desde la &#xE9;tica de la autor&#xED;a hasta la presentaci&#xF3;n de su investigaci&#xF3;n a trav&#xE9;s de la publicaci&#xF3;n. La cuarta edici&#xF3;n es un recurso indispensable para que los estudiantes y profesionales logren la excelencia en la escritura y que sus obras provoquen un impacto.</subfield>
  </datafield>
  <datafield tag="521" ind1=" " ind2=" ">
    <subfield code="a">Recomendado para docentes y estudiantes universitarios.</subfield>
  </datafield>
  <datafield tag="650" ind1="1" ind2="4">
    <subfield code="2">LEMB</subfield>
    <subfield code="a">Redacci&#xF3;n. Estilo. Citas. Referencias. Tablas. Figuras. </subfield>
  </datafield>
  <datafield tag="942" ind1=" " ind2=" ">
    <subfield code="2">ddc</subfield>
    <subfield code="c">BK</subfield>
    <subfield code="n">0</subfield>
    <subfield code="e">4a. </subfield>
  </datafield>
  <datafield tag="999" ind1=" " ind2=" ">
    <subfield code="c">2674</subfield>
    <subfield code="d">2674</subfield>
  </datafield>
  <datafield tag="952" ind1=" " ind2=" ">
    <subfield code="0">0</subfield>
    <subfield code="1">0</subfield>
    <subfield code="2">ddc</subfield>
    <subfield code="4">0</subfield>
    <subfield code="7">0</subfield>
    <subfield code="a">BICUNTOTO</subfield>
    <subfield code="b">BICUNTOTO</subfield>
    <subfield code="d">2025-11-11</subfield>
    <subfield code="e">Donaci&#xF3;n DIGI, Campus Central</subfield>
    <subfield code="f">1601</subfield>
    <subfield code="l">0</subfield>
    <subfield code="o">070.50294 M294:4</subfield>
    <subfield code="p">978-607-448-856-2</subfield>
    <subfield code="r">2026-02-03 19:11:17</subfield>
    <subfield code="w">2026-02-03</subfield>
    <subfield code="y">BK</subfield>
  </datafield>
  <datafield tag="952" ind1=" " ind2=" ">
    <subfield code="0">0</subfield>
    <subfield code="1">0</subfield>
    <subfield code="2">ddc</subfield>
    <subfield code="4">0</subfield>
    <subfield code="7">0</subfield>
    <subfield code="a">BICUNTOTO</subfield>
    <subfield code="b">BICUNTOTO</subfield>
    <subfield code="d">2025-11-11</subfield>
    <subfield code="e">Donaci&#xF3;n DIGI, Campus Central</subfield>
    <subfield code="f">1601</subfield>
    <subfield code="l">0</subfield>
    <subfield code="o">070.50294 M294:4 c1</subfield>
    <subfield code="r">2026-02-03 19:11:00</subfield>
    <subfield code="w">2026-02-03</subfield>
    <subfield code="y">BK</subfield>
  </datafield>
</record>
